Catalog

Record Details

Catalog Search



Zwischenwelten : ein jüdisches Leben im heutigen Deutschland / Richard Chaim Schneider

Summary:

Úvahy a fakta na téma - identita Židů žijících v diaspoře v Německu na konci 20. stol. Minulost a budoucnost lidí "mezi dvěma světy".

Record details

  • ISBN: 3-463-40204-1
  • Physical Description: 317 s. ; 21 cm
  • Publisher: München : Kindler, 1994

Available copies

  • 1 of 1 copy available at Common Catalog SPOK.

Holds

  • 0 current holds with 1 total copy.
Show All Copies
Location Call Number / Copy Notes Barcode Shelving Location Status Due Date
Terezin Initiative Institute 25 4594300025 Knihovna ITI Available -

LDR 00631nam a2200169 a 4500
00125222
003CZ-PrJAB
00520221122051449.0
008800101s1994 gw gr 0 ger
020 . ‡a3-463-40204-1
035 . ‡a(CONS)19
035 . ‡a(CZ PrSKC)2232663
040 . ‡aABG001 ‡bcze ‡cABG001
1001 . ‡aSchneider, Richard Chaim ‡4aut
24510. ‡aZwischenwelten : ‡bein jüdisches Leben im heutigen Deutschland / ‡cRichard Chaim Schneider
260 . ‡aMünchen : ‡bKindler, ‡c1994
300 . ‡a317 s. ; ‡c21 cm
5209 . ‡aÚvahy a fakta na téma - identita Židů žijících v diaspoře v Německu na konci 20. stol. Minulost a budoucnost lidí "mezi dvěma světy".
8524 . ‡bJACH-ITI ‡bJACH-ITI ‡cKnihovna ITI ‡j25 ‡p25 ‡y$0.00
910 . ‡aABE340 ‡b25
995 . ‡askok
901 . ‡a25222 ‡bUnknown ‡c25222 ‡tbiblio

Additional Resources